00706nam a2200169 i 450000100060000000300090000600500170001500700030003200800410003510000410007624501740011726000300029130000400032185200320036199900170039395201260041060699ES-MaACL20230906164304.0t|031105s1961 sp ||||1| spa d1 aEsteves Voelckers, Guillermo.94815810aTarjetero histórico b: noticias sobre el segundo viaje del almirante Critobal Colón, su paso por Boriquen, el sitio del desembarco / cGuillermo Esteves Völckers. aMadrid : b[s.n., c1961] a646 p., 2 lám. : bil. ; c27 cm. aES-MaACLjC-20737 bR.48910 c60699d60699 00104070aATENEOMbATENEOMcGaleríad2008-01-17eSCl0oC-20737p1063657r2023-02-23 00:00:00w2023-02-23yMONOGRAFIA